| 000 | 00614nam a2200181 i 4500 | ||
|---|---|---|---|
| 001 | 60677 | ||
| 003 | ES-MaACL | ||
| 005 | 20230906164302.0 | ||
| 007 | t| | ||
| 008 | 031105s1925 pe ||||1| spa d | ||
| 245 | 0 | 0 |
_aEstadística de precios y números judicadores / _cDirección General de Estadística. |
| 260 |
_aLima : _bLa Opinión Nacional, _c1925. |
||
| 300 |
_a26 p. ; _c25 cm. |
||
| 500 | _aPrecede al tít.: Ministerio de Hacienda. Perú. | ||
| 710 | 1 |
_aPerú. _bMinisterio de Hacienda. _96215 |
|
| 710 | 1 |
_aPerú. _bDirección General de Estadística. _96212 |
|
| 852 |
_aES-MaACL _j1685-F-16 _bR.5069 |
||
| 999 |
_c60677 _d60677 |
||